| 000 | 00486nam a22001817a 4500 | ||
|---|---|---|---|
| 008 | 230510b |||||||| |||| 00| 0 eng d | ||
| 040 |
_aNational Science Library _cNational Science Library |
||
| 080 |
_aR 058 _bN8 |
||
| 245 | _aManorama yearbook 1998 | ||
| 250 | _a23rd ed. | ||
| 260 |
_aKottayam: _bMalayala Manorama, _c1998 |
||
| 300 | _a800p. | ||
| 365 |
_b65.00 _cINR |
||
| 650 | _aScience | ||
| 653 | _aGeneral Knowledge | ||
| 700 | _aMathew, K M (Ed.) | ||
| 942 |
_2udc _cREF |
||
| 999 |
_c28536 _d28536 |
||